000 00881 a2200205 4500
003 Nust
005 20230222113718.0
010 _a 85000056
020 _a0070097259
040 _cNust
082 0 0 _a621.3822,CAN
100 1 _aCandy, J. V.
_9109455
245 1 0 _aSignal processing :
_bthe model-based approach /
_cJames V. Candy.
260 _aNew York :
_bMcGraw-Hill,
_cc1986.
300 _axv, 240 p. :
_bill. ;
_c25 cm.
440 0 _aMcGraw-Hill series in electrical engineering.
_920188
505 _aIntroduction (Page-1), Modeling of Stochastic Processes (Page-17), Estimation Theory (Page-47), Model Based Processing State Space Filters (Page-67), Practical Aspects of State Space Filtering (Page-93), Extensions of State Space Filters (Page-134), Model Based Processors :ARMAX Winner Filter (Page-172).
650 0 _aTelecommunication Engineering
942 _2ddc
_cBK
999 _c182730
_d182730